Fibre-reinforced materials technology (Record no. 23877)

MARC details
000 -LEADER
fixed length control field 00285nam a2200109Ia 4500
082 ## - DEWEY DECIMAL CLASSIFICATION NUMBER
Classification number 677.1:62
Item number PAR;1
100 ## - MAIN ENTRY--AUTHOR NAME
Personal name Parratt, N J
245 #0 - TITLE STATEMENT
Title Fibre-reinforced materials technology
260 ## - PUBLICATION, DISTRIBUTION, ETC. (IMPRINT)
Place of publication London
Name of publisher Van Nostrand
Year of publication 1972
942 ## - ADDED ENTRY ELEMENTS (KOHA)
Koha item type Books
Holdings
Withdrawn status Lost status Damaged status Not for loan Home library Current library Date acquired Cost, normal purchase price Full call number Accession Number Koha item type
        RRII Library RRII Library 16/12/2021 23.50 677.1:62 PAR;1 04571 Books